Ghazal usne chhedi-v.2 / (Record no. 47178)

MARC details
000 -LEADER
fixed length control field 00974njm a22002777a 4500
005 - DATE AND TIME OF LATEST TRANSACTION
control field 20100921114529.0
007 - PHYSICAL DESCRIPTION FIXED FIELD--GENERAL INFORMATION
fixed length control field sd ammalaaahaa
008 - FIXED-LENGTH DATA ELEMENTS--GENERAL INFORMATION
fixed length control field 100913t xxu||||| |||| 00| 0 hin d
028 ## - PUBLISHER NUMBER
Publisher number 2675 528
Source Music India
035 ## - SYSTEM CONTROL NUMBER
System control number GR-04440
040 ## - CATALOGING SOURCE
Original cataloging agency SED
Transcribing agency SED
100 ## - MAIN ENTRY--PERSONAL NAME
Personal name Dass, Chandan
9 (RLIN) 1184
245 ## - TITLE STATEMENT
Title Ghazal usne chhedi-v.2 /
Statement of responsibility, etc by Chandan Dass
Medium [sound recording] :
246 ## - VARYING FORM OF TITLE
Title proper/short title ग़ज़ल उसने छेदी
260 ## - PUBLICATION, DISTRIBUTION, ETC. (IMPRINT)
Place of publication, distribution, etc Dum Dum India
Name of publisher, distributor, etc His Master's Voice
Date of publication, distribution, etc 1988
300 ## - PHYSICAL DESCRIPTION
Extent 1 sound disc [Gramophone record] :
Other physical details analog, 33 1/3 rpm
Dimensions 12.5 in. (LP)
Type of unit Gramophone Record
440 ## - SERIES STATEMENT/ADDED ENTRY--TITLE
Number of part/section of a work v.2
9 (RLIN) 20893
500 ## - GENERAL NOTE
General note Brief Record
500 ## - GENERAL NOTE
General note Record label :Music India, Red
505 ## - FORMATTED CONTENTS NOTE
Formatted contents note Side-1 (Kuch tabiyat) Side-2 (Dhoop bhari chhat pe)
600 ## - SUBJECT ADDED ENTRY--PERSONAL NAME
Personal name Daas, Chandan
9 (RLIN) 19992
650 ## - SUBJECT ADDED ENTRY--TOPICAL TERM
Topical term or geographic name as entry element Ghazals
General subdivision Excerpts
Geographic subdivision India
9 (RLIN) 19603
700 ## - ADDED ENTRY--PERSONAL NAME
9 (RLIN) 20882
942 ## - ADDED ENTRY ELEMENTS (KOHA)
Source of classification or shelving scheme Dewey Decimal Classification
Item type Gramaphone Records
Holdings
Withdrawn status Lost status Source of classification or shelving scheme Damaged status Not for loan Collection code Home library Current library Date acquired Source of acquisition Total Checkouts Barcode Date last seen Copy number Price effective from Koha item type
    Dewey Decimal Classification   Not For Loan Non-fiction Central Library Central Library 21/09/2010 SED/VEN   GR-04440 21/09/2010 1 21/09/2010 Gramaphone Records

© Delhi Public Library
Hit Counter
free hit counter